01210 a2200181 45000010006000000050017000060080041000230030015000640400040000790800065001192450051001842640048002353000019002835050667003021000017009696500020009866500022010065468120260407155821.0260407a1973 arg spa dAR-UNSa-BCEJYS aAR-UNSa-BCEJYSbspacAR-UNSa-BCEJYS a94(82):32xHistoria Política y Constitucional de Argentina10aFrondizipuna historia de política y soledad 1aBuenos Aires :bEdiciones La Bastillac1973 a481 p.c20 cm. aPrimera parte: "No renunciaré..." - I. Un año 58 revolucionario - II. Lo que no ayudó - III. FFAA: Las relaciones peligrosas - IV. La política internacional - V. La caída - VI. Las realizaciones - Segunda parte: "... No me iré del país..." - I. Su vida parlamentaria - II. Preparando el futuro - III. Revolución libertadora: una etapa difícil - IV. Un peligroso tirabuzón - V. La UCRI formula su programa - VI. La avalancha de los votos - VII. La difícil alternativa - VIII. Nace un partido - IX. La revolución argentina - Tercera parte: "... No me suicidaré" - I. El misterioso mundo de sus afectos - II. El perfil de una personalidad 1 aCasas, Nelly aARTURO FRONDIZI a arturo frondizi